000
00336nam a2200133Ia 4500
008
240624s9999 xx 000 0 und d
041
_a
eng
082
_a
658.452 LIC
100
_a
LICHTENBERG MATT
245
_a
CREATING DYNAMIC PRESENTATIONS WITH STRE
260
_c
2002
_a
New Delhi
_b
Prentice-Hall
300
_a
xvii, : 329
365
_c
RS
999
_c
492
_d
492